000 00317nam a22001457a 4500
008 210303b ||||| |||| 00| 0 eng d
020 _a9780321752901
041 _aeng
080 _24th
_a574
082 _a574
100 _a9
101 _aMJE
245 _aEssential Environment
_cWithgott, J
942 _2udc
_cBK
999 _c55556
_d55556